D Vocabulary Words Quiz #1 - Statistics

General Stats
  • This quiz has been taken 97,726 times
    97,668 since last reset
  • The average score is 12 of 22
Answer Stats
Definition Word % Correct
Wild Australian dog Dingo
89%
Sheriff's assistant Deputy
87%
To bounce a basketball Dribble
86%
To weaken a solution by adding water Dilute
82%
God or goddess Deity
77%
Opposite of international Domestic
77%
To widen a pupil Dilate
73%
To get off a horse Dismount
72%
Small boat or raft Dinghy
66%
Marriage payment Dowry
66%
Battle between fighter planes Dogfight
59%
Male bee Drone
59%
Building split into two apartments Duplex
59%
Type of trees that lose their leaves in the winter Deciduous
52%
Speaker's platform Dais
33%
Biblical flood Deluge
32%
Mourning music Dirge
32%
Heir to the French throne Dauphin
30%
Zeppelin, for example Dirigible
28%
Vain, foppish man Dandy
27%
Japanese radish Daikon
26%
To throw something out a window Defenestrate
25%
No matching quizzes found
Score Distribution
Percent of People with Each Score
Percentile by Number Answered
Your Score History
You have not taken this quiz since the last reset